Impact of LLM and Artificial Intelligence on the Real Estate Market: Replacing Human Agents in Searching for Properties and Communicating with Advertisers

Saved in:
Bibliographic Details
Main Author: Kokavec, Simon (Author)
Other Authors: Marko, Richard (Thesis advisor)
Format: Manuscript Book
Language:Slovak
English
Published: 2025
Subjects:
Online Access:http://is.stuba.sk/zp/portal_zp.pl?podrobnosti=184121
Tags: Add Tag
No Tags, Be the first to tag this record!

MARC

LEADER 00000ntm a22000003a 4500
001 stuzp105830
003 SK-STU
005 20250607211746.6
007 ta
008 150427s2015----xo-----f-mn---000-0-slo-d
040 |a STU  |b slo 
041 0 |a eng 
100 1 |a Kokavec, Simon  |u 070400  |4 aut  |U FIIT Fakulta informatiky a informačných technológií  |T FIIT Ústav počítačového inžinierstva a aplikovanej informatiky  |X 96919  |U I400  |Y 672  |7 96919 
242 0 1 |a Vplyv umelej inteligencie LLM na realitný trh: Nahradzovanie ľudských agentov pri vyhľadávaní nehnuteľností a komunikácii s inzerentmi  |y slo 
245 1 0 |a Impact of LLM and Artificial Intelligence on the Real Estate Market: Replacing Human Agents in Searching for Properties and Communicating with Advertisers 
260 |c 2025 
650 4 |a Retrieval-augmented generation  |2 eng 
650 4 |a Autonomous Agents  |2 eng 
650 4 |a Large Language Models  |2 eng 
650 4 |a Veľký jazykový model  |2 slo 
650 4 |a Retrieval augmented generation  |2 slo 
650 4 |a Autonómni agenti  |2 slo 
700 1 |a Marko, Richard  |u 070400  |k Z2  |4 ths  |U FIIT Fakulta informatiky a informačných technológií  |T FIIT Ústav počítačového inžinierstva a aplikovanej informatiky  |X 116343  |U I400  |Y 672  |7 116343 
856 4 |u http://is.stuba.sk/zp/portal_zp.pl?podrobnosti=184121